Normal view MARC view

Entry Nombre personal

Number of records used in: 1

001 - NÚMERO DE CONTROL

  • campo de control: 7561

003 - IDENTIFICADOR DE NÚMERO DE CONTROL

  • campo de control: Biblioxarxa

005 - FECHA Y HORA DE LA ÚLTIMA TRANSACCIÓN

  • campo de control: 20260414161055.0

008 - ELEMENTOS DE DATO DE LONGITUD-FIJA

  • campo de control de longitud fija: 260414|| aca||aabn | a|a d

040 ## - FUENTE DE CATALOGACIÓN

  • Centro catalogador/agencia de origen: Biblioxarxa
  • Centro/agencia transcriptor: Biblioxarxa

100 ## - ENCABEZAMIENTO-NOMBRE DE PERSONA

  • Nombre de persona: Busquets Figueras, Blanca

670 ## - FUENTE DE DATOS ENCONTRADOS

  • Cita de la fuente: Work cat.: (Biblioxarxa)0: Oro, Begoña autor 2390, La marmota Mimí sempre vol dormir